Face2face. (Record no. 455)

MARC details
000 -LEADER
fixed length control field 01389cam a2200337 i 4500
001 - CONTROL NUMBER
control field 18158135
003 - CONTROL NUMBER IDENTIFIER
control field OSt
005 - DATE AND TIME OF LATEST TRANSACTION
control field 20250420134811.0
008 - FIXED-LENGTH DATA ELEMENTS--GENERAL INFORMATION
fixed length control field 140520s2013 enka 000 0 eng
010 ## - LIBRARY OF CONGRESS CONTROL NUMBER
LC control number 2014397189
020 ## - INTERNATIONAL STANDARD BOOK NUMBER
International Standard Book Number 9781107422100 (Intermediate Student's Bk. with DVD-ROM)
040 ## - CATALOGING SOURCE
Original cataloging agency DLC
Language of cataloging eng
Transcribing agency DLC
Description conventions rda
Modifying agency KCST
042 ## - AUTHENTICATION CODE
Authentication code pcc
050 00 - LIBRARY OF CONGRESS CALL NUMBER
Classification number PE1128
Item number .R432244 2013
100 1# - MAIN ENTRY--PERSONAL NAME
Personal name Redston, Chris,
Relator term author.
9 (RLIN) 4566
245 10 - TITLE STATEMENT
Title Face2face.
Name of part/section of a work Intermediate.
-- Student's book. /
Statement of responsibility, etc. Chris Redston & Gillie Cunningham.
246 3# - VARYING FORM OF TITLE
Title proper/short title Face 2 face.
Name of part/section of a work Intermediate.
-- Student's book.
246 3# - VARYING FORM OF TITLE
Title proper/short title Face to face.
Name of part/section of a work Intermediate.
-- Student's book.
250 ## - EDITION STATEMENT
Edition statement Second Edition.
260 ## - PUBLICATION, DISTRIBUTION, ETC.
Place of publication, distribution, etc. Cambridge ;
Name of publisher, distributor, etc. Cambridge University Press,
Date of publication, distribution, etc. 2013.
300 ## - PHYSICAL DESCRIPTION
Extent 175 pages :
Other physical details color illustrations ;
Dimensions 28 cm +
Accompanying material 1 DVD-ROM (4 3/4 in.) and online workbook.
650 #0 - SUBJECT ADDED ENTRY--TOPICAL TERM
Topical term or geographic name entry element English language
Form subdivision Texbooks for foreign speakers.
9 (RLIN) 4567
650 #0 - SUBJECT ADDED ENTRY--TOPICAL TERM
Topical term or geographic name entry element English language
General subdivision Grammar
Form subdivision Problems, exercises, etc.
9 (RLIN) 112
650 #0 - SUBJECT ADDED ENTRY--TOPICAL TERM
Topical term or geographic name entry element English language
General subdivision Rhetoric
Form subdivision Problems, exercies, etc.
9 (RLIN) 4568
650 #0 - SUBJECT ADDED ENTRY--TOPICAL TERM
Topical term or geographic name entry element Vocabulary
Form subdivision Problems, exercies, etc.
9 (RLIN) 4569
650 #0 - SUBJECT ADDED ENTRY--TOPICAL TERM
Topical term or geographic name entry element English language
Form subdivision Video recordings for English speakers.
9 (RLIN) 4570
700 1# - ADDED ENTRY--PERSONAL NAME
Personal name Cunningham, Gillie,
Relator term author.
9 (RLIN) 4571
856 42 - ELECTRONIC LOCATION AND ACCESS
Materials specified Publisher description
Uniform Resource Identifier <a href="http://www.loc.gov/catdir/enhancements/fy1408/2014397189-d.html">http://www.loc.gov/catdir/enhancements/fy1408/2014397189-d.html</a>
942 ## - ADDED ENTRY ELEMENTS (KOHA)
Koha item type Book
942 ## - ADDED ENTRY ELEMENTS (KOHA)
Source of classification or shelving scheme Dewey Decimal Classification
Holdings
Withdrawn status Lost status Source of classification or shelving scheme Damaged status Not for loan Home library Current library Date acquired Cost, normal purchase price Total checkouts Full call number Barcode Date last seen Date last checked out Price effective from Koha item type
    Dewey Decimal Classification     KCST Library KCST Library 01/07/2020 9.13 1 428.34 Re Fa 1000000600 19/10/2025 29/04/2025 01/07/2020 Book
© 2025 KCST. All rights reserved